Rule of Law o Estado de Derecho
Saved in:
| Hovedforfatter: | |
|---|---|
| Format: | Bog |
| Sprog: | spansk |
| Udgivet: |
Madrid, España.
Marcial Pons,
2003
|
| Udgivelse: | 1a. ed |
| Fag: | |
| Online adgang: | Disponible Online - Cap. 1 al 4 |
| Tags: |
Tilføj Tag
Ingen Tags, Vær først til at tagge denne postø!
|
MARC
| LEADER | 00000cam a2200000 a 4500 | ||
|---|---|---|---|
| 001 | UCD3122 | ||
| 003 | CL-VaPUC | ||
| 005 | 20210810190620.0 | ||
| 008 | 160526e20030000sp |||||||||||||||||spa|d | ||
| 999 | |c 364186 |d 364184 | ||
| 020 | |a 8497680391 | ||
| 040 | |c Pontificia Universidad Católica de Valparaíso | ||
| 082 | 0 | 4 | |a 342.2 PER 2003 |2 21 |
| 100 | 0 | |a Pereira Menaut, Antonio-Carlos |e author |9 586493 | |
| 245 | 1 | 0 | |a Rule of Law o Estado de Derecho |
| 250 | |a 1a. ed | ||
| 260 | |a Madrid, España. |b Marcial Pons, |c 2003 | ||
| 300 | |a 127 páginas | ||
| 583 | |a last modification |c 20170321 09:23:03 |k Rodrigo Vera | ||
| 650 | 0 | |a Estado de derecho |9 257795 | |
| 650 | 0 | |a Derecho constitucional |9 222588 | |
| 856 | |u http://bibliografiadigital.pucv.cl.pucv.idm.oclc.org/index.php/bibliotecapucv/catalog/book/636 |y Disponible Online - Cap. 1 al 4 | ||
| 942 | |c BK |2 ddc | ||
| 945 | |d 20160526 21:26:00 |a dcastane | ||
| 952 | |0 0 |1 0 |3 erb |4 0 |6 342_200000000000000_PER_2003 |7 0 |8 A |9 477130 |a FDOHBE |b BIBHIS |e Villagrán Garnham, Jorge |i 5304296 |l 1 |o 342.2 PER 2003 |p 5304296 |r 2024-01-30 |s 2021-08-05 |w 2019-11-24 |y BK |z Catalogado en:20160526 |k HBE | ||